000 01464cam a2200301 a 4500
942 _cBK
999 _c275
_d275
001 17860153
003 OSt
005 20250420134803.0
008 130821s2015 mau b 001 0 eng
010 _a 2013034383
020 _a9781284074482 (hbk.)
040 _aDLC
_cKCST
042 _apcc
050 0 0 _aQA76.9.C643
_bN85 2015
082 0 0 _a004.22
_223
100 1 _aNull, Linda.
_9986
245 1 4 _aThe essentials of computer organization and architecture /
_cLinda Null, The Pennsylvania State University, Julia Lobur, The Pennsylvania State University.
250 _aEnhanced 4th ed.
260 _aBurlington, Massachusetts :
_bJones & Bartlett Learning,
_c2015.
300 _axxxiii, 879 pages ;
_c24 cm.
504 _aIncludes bibliographical references and index.
505 0 _aData representation in computer systems -- Boolean algebra and digital logic -- MARIE: an introduction to a simple computer -- A closer look at instruction set architecture -- Memory -- Input/output and storage systems -- System software -- Alternative architectures -- Topics in embedded systems -- Performance measurement and analysis -- Network organization and architecture -- Selected storage systems and interfaces -- Data structures and the computer -- Glossary -- Answers and hints for selected exercises.
650 0 _aComputer organization.
_9987
650 0 _aComputer architecture.
_9988
700 1 _aLobur, Julia.
_9989
942 _2ddc